Normal view
MARC view
- السلوك-تطوير الشخصية-الذكاء الاصطناعي-وسائل التواصل الاجتماعي-الانترنت-علم النفس السيبراني
Entry Topical Term
001 - CONTROL NUMBER
- control field: 62776
003 - CONTROL NUMBER IDENTIFIER
- control field: JO-AjAnu
005 - DATE AND TIME OF LATEST TRANSACTION
- control field: 20230606084242.0
008 - FIXED-LENGTH DATA ELEMENTS
- fixed length control field: 230606|| aca||aabn | a|a d
040 ## - CATALOGING SOURCE
- Original cataloging agency: JO-AjAnu
- Transcribing agency: JO-AjAnu
150 ## - HEADING--TOPICAL TERM
- Topical term or geographic name entry element: السلوك-تطوير الشخصية-الذكاء الاصطناعي-وسائل التواصل الاجتماعي-الانترنت-علم النفس السيبراني
670 ## - SOURCE DATA FOUND
- Source citation: Work cat.: (JO-AjAnu)32010: عيسى، مراد علي, author 62775, مقدمة في علم النفس السيبراني=Introducation to CYBERRPSYCHOLOGY